000 01223nam a2200337 a 4500
001 000110217
003 CHAP
005 20220329144122.0
008 140804s2013 mx a |r| |||||||spa d
010 _a106679
011 _a107651
020 _a978-607-12-0325-0 (volumen)
020 _a9786071203243 (colección)
040 _cCHAP
082 0 4 _a633.83
_bM37
100 0 0 _aMartínez Pérez, Dámaso.
_972386
245 1 3 _aLa pimienta gorda en México (Pimienta dioica L. Merril) :
_bavances y retos en la gestión de la innovación /
_cpor Dámaso Martínez Pérez, Marcos Antonio Hernández García y Enrique Genaro Martínez González.
260 _aChapingo, Méx. :
_bUACH. CIESTAAM,
_c2013.
300 _a72 p. :
_bil., gráfs., diags., cuadros.
490 1 _aColección Trópico húmedo
590 _aE6096MTM
_b05
_c20140804
_lUCH01
_h1112
650 1 4 _aAgricultura
_xInnovaciones tecnológicas
_zMéxico
_91571
650 1 4 _aPimenta dióica.
_988083
650 1 4 _aPimienta.
_988105
700 0 _aHernández García, Marco Antonio.
_954052
700 0 _aMartínez González, Enrique Genaro.
_972090
830 0 _aColección Trópico húmedo
_9127657
901 _aBK
942 _cLIBRO
942 _n0
999 _c106679
_d106679